[Event "GER-ch internet U18 final"]
[Site "Playchess.com INT"]
[Date "2007.06.20"]
[Round "7"]
[White "Brener, Ilja"]
[Black "Seemann, Semjon"]
[Result "1/2-1/2"]
[WhiteElo "2413"]
[BlackElo "1991"]
[PlyCount "114"]
[EventDate "2007.06.20"]
[EventType "swiss (blitz)"]
[EventRounds "7"]
[EventCountry "GER"]
[SourceTitle "EXT 2009"]
[Source "ChessBase"]
[SourceDate "2008.11.26"]
[SourceVersion "1"]
[SourceVersionDate "2008.11.26"]
[SourceQuality "1"]

1. Nf3 Nf6 2. c4 d6 3. d4 Nbd7 4. Nc3 e5 5. g3 Be7 6. Bg2 c6 7. 0-0 0-0 8. e4 a6 9. h3 b5 10. c5 Qc7 11. cxd6 Bxd6 12. Be3 Bb7 13. Rc1 Rac8 14. Qc2 c5 15. d5 c4 16. Nh4 g6 17. Bh6 Rfe8 18. Bg5 Kg7 19. a3 h6 20. Be3 Bc5 21. Bd2 Qd6 22. Kh2 Nf8 23. Ne2 Kh7 24. Nf3 N8d7 25. Nh4 Nf8 26. a4 N8d7 27. Ra1 Nb6 28. axb5 axb5 29. Nc3 b4 30. Ne2 Ra8 31. Rxa8 Rxa8 32. f4 exf4 33. Bxf4 Qe7 34. d6 Qe6 35. e5 b3 36. Qd1 Bxg2 37. Nxg2 Nh5 38. Nd4 Qd5 39. Nb5 Nxf4 40. gxf4 Qxd1 41. Rxd1 Ra2 42. d7 Be7 43. d8Q Bxd8 44. Rxd8 Rxb2 45. Nc3 Rc2 46. Ne4 h5 47. Nf6+ Kg7 48. Rg8+ Kh6 49. Rh8+ Kg7 50. Rg8+ Kh6 51. Rh8+ Kg7 52. Rh7+ Kf8 53. f5 gxf5 54. Rh8+ Kg7 55. Rh7+ Kf8 56. Rh8+ Kg7 57. Rh7+ Kf8 1/2-1/2

[Event "GER-ch internet U18 final"]
[Site "Playchess.com INT"]
[Date "2007.06.20"]
[Round "1"]
[White "Poetsch, Hagen"]
[Black "Seemann, Semjon"]
[Result "0-1"]
[WhiteElo "2167"]
[BlackElo "1991"]
[PlyCount "122"]
[EventDate "2007.06.20"]
[EventType "swiss (blitz)"]
[EventRounds "7"]
[EventCountry "GER"]
[SourceTitle "EXT 2009"]
[Source "ChessBase"]
[SourceDate "2008.11.26"]
[SourceVersion "1"]
[SourceVersionDate "2008.11.26"]
[SourceQuality "1"]

1. e4 c5 2. Nf3 Nc6 3. d4 cxd4 4. Nxd4 Nf6 5. Nc3 e5 6. Ndb5 d6 7. Bg5 a6 8. Na3 b5 9. Bxf6 gxf6 10. Nd5 Bg7 11. c3 f5 12. exf5 Bxf5 13. Nc2 Be6 14. g3 0-0 15. Bg2 a5 16. 0-0 f5 17. Qh5 b4 18. cxb4 e4 19. Nf4 Bc4 20. Rfd1 Bxb2 21. Rab1 Be5 22. Ne3 Bxa2 23. Rbc1 Nd4 24. Rxd4 Bxd4 25. Nxf5 Be5 26. Bxe4 Ra7 27. bxa5 Bxf4 28. gxf4 Kh8 29. Rd1 Rxa5 30. Qh3 Qf6 31. Nxd6 Bg8 32. Bb1 Qxf4 33. Qc3+ Rf6 34. Rd2 Rg5+ 35. Kf1 Rd5 36. Ne4 Rxd2 37. Qxd2 Bc4+ 38. Ke1 Qxd2+ 39. Kxd2 Rf3 40. h4 Bd5 41. Ke2 Bxe4 42. Bxe4 Rf4 43. f3 Rxh4 44. Kf2 Kg7 45. Kg3 Rh1 46. f4 Ra1 47. f5 Kf6 48. Kf4 Ra4 49. Kf3 Ke5 50. Bb1 h5 51. Kg3 h4+ 52. Kh3 Ra1 53. Bc2 Rc1 54. Ba4 Rc3+ 55. Kh2 Kxf5 56. Bd7+ Kf4 57. Be6 h3 58. Bxh3 Rc2+ 59. Kg1 Kg3 60. Bf1 Rc1 61. Kh1 Rxf1# 0-1

[Event "GER-ch internet U18 final"]
[Site "Playchess.com INT"]
[Date "2007.06.20"]
[Round "6"]
[White "Seemann, Semjon"]
[Black "Heimann, Andreas"]
[Result "1-0"]
[WhiteElo "1991"]
[BlackElo "2231"]
[PlyCount "61"]
[EventDate "2007.06.20"]
[EventType "swiss (blitz)"]
[EventRounds "7"]
[EventCountry "GER"]
[SourceTitle "EXT 2009"]
[Source "ChessBase"]
[SourceDate "2008.11.26"]
[SourceVersion "1"]
[SourceVersionDate "2008.11.26"]
[SourceQuality "1"]

1. e4 e5 2. Nf3 Nc6 3. Bb5 a6 4. Ba4 Nf6 5. 0-0 Be7 6. d3 b5 7. Bb3 0-0 8. c3 d6 9. Re1 Na5 10. Bc2 c5 11. Nbd2 Re8 12. Nf1 Bf8 13. Ng3 g6 14. h3 Bb7 15. Bg5 h6 16. Bd2 d5 17. exd5 Qxd5 18. c4 Qd8 19. Nxe5 Nc6 20. Nf3 Qd6 21. Rxe8 Rxe8 22. cxb5 axb5 23. a4 b4 24. a5 Ba6 25. Ba4 Rd8 26. Qc1 Nxa5 27. Bf4 Qb6 28. Bxh6 Bxh6 29. Qxh6 Bxd3 30. Re1 Nh7 31. Nh5 1-0

[Event "GER-ch U16"]
[Site "Willingen"]
[Date "2007.05.30"]
[Round "7"]
[White "Seemann, Semjon"]
[Black "Kaczmarczyk, Dennis"]
[Result "0-1"]
[WhiteElo "1991"]
[BlackElo "2135"]
[PlyCount "70"]
[EventDate "2007.05.26"]
[EventType "swiss"]
[EventRounds "9"]
[EventCountry "GER"]
[SourceTitle "CBM 118 Extra"]
[Source "ChessBase"]
[SourceDate "2007.07.04"]
[SourceVersion "1"]
[SourceVersionDate "2007.07.04"]
[SourceQuality "1"]

1. e4 c5 2. Nf3 a6 3. Nc3 e6 4. d4 Qc7 5. Bd3 b5 6. dxc5 Bxc5 7. 0-0 Bb7 8. e5 Ne7 9. Ne4 Ng6 10. Re1 Be7 11. Bg5 Bxe4 12. Bxe4 Nc6 13. Bxe7 Kxe7 14. Qd2 Rac8 15. Bxc6 Qxc6 16. Qg5+ f6 17. exf6+ gxf6 18. Qh6 Kf7 19. Rad1 Rhg8 20. Nd4 Qb7 21. f3 Rg7 22. Kh1 Rc5 23. Re2 Nf8 24. Red2 Rcg5 25. Qh4 Kg8 26. Qe4 Qxe4 27. fxe4 Re5 28. Nb3 Rg4 29. Kg1 Rgxe4 30. Rd6 Re1+ 31. Rxe1 Rxe1+ 32. Kf2 Rb1 33. Ke2 Rxb2 34. Kd2 Rxa2 35. Kc3 Ra4 0-1

[Event "GER-ch U16"]
[Site "Willingen"]
[Date "2007.05.29"]
[Round "5"]
[White "Seemann, Semjon"]
[Black "Zahn, Benno"]
[Result "1-0"]
[WhiteElo "1991"]
[BlackElo "1846"]
[PlyCount "105"]
[EventDate "2007.05.26"]
[EventType "swiss"]
[EventRounds "9"]
[EventCountry "GER"]
[SourceTitle "CBM 118 Extra"]
[Source "ChessBase"]
[SourceDate "2007.07.04"]
[SourceVersion "1"]
[SourceVersionDate "2007.07.04"]
[SourceQuality "1"]

1. e4 c5 2. Nf3 d6 3. d4 cxd4 4. Nxd4 Nf6 5. Nc3 g6 6. Be3 Bg7 7. Bc4 Nc6 8. f3 Bd7 9. Qd2 0-0 10. 0-0-0 Rb8 11. Bb3 Ne5 12. Bh6 b5 13. Bxg7 Kxg7 14. g4 a5 15. g5 Nh5 16. f4 Nc4 17. Bxc4 bxc4 18. Nce2 Kg8 19. f5 Qb6 20. c3 Rb7 21. a3 Rfb8 22. b4 Ra8 23. Kb2 axb4 24. axb4 Rba7 25. Ra1 Ra6 26. Rhb1 Qa7 27. Rxa6 Qxa6 28. Kc1 Qb7 29. Qe3 Ra3 30. Kb2 Qa8 31. Nc1 e5 32. fxe6 fxe6 33. Nc2 Ra6 34. Ra1 Rxa1 35. Nxa1 Qc6 36. Nc2 e5 37. Na3 Nf4 38. Qa7 Bc8 39. b5 Qxe4 40. Qb8 Qg2+ 41. Kb1 Qb7 42. Qxb7 Bxb7 43. Nxc4 Ne6 44. Nxd6 Ba8 45. h4 Nc5 46. Kc2 Kf8 47. Nd3 Nd7 48. Nc4 e4 49. Nde5 Nc5 50. Nb6 Bb7 51. Nbd7+ Nxd7 52. Nxd7+ Ke7 53. Nc5 1-0

[Event "GER-ch internet U18 qual 02"]
[Site "Playchess.com INT"]
[Date "2007.05.23"]
[Round "5"]
[White "Hirneise, Tobias"]
[Black "Seemann, Semjon"]
[Result "1-0"]
[WhiteElo "2315"]
[BlackElo "1991"]
[PlyCount "147"]
[EventDate "2007.05.23"]
[EventType "swiss (blitz)"]
[EventRounds "7"]
[EventCountry "GER"]
[SourceTitle "EXT 2009"]
[Source "ChessBase"]
[SourceDate "2008.11.26"]
[SourceVersion "1"]
[SourceVersionDate "2008.11.26"]
[SourceQuality "1"]

1. e4 c5 2. Nf3 d6 3. d4 cxd4 4. Nxd4 Nf6 5. Nc3 a6 6. Be3 e6 7. Be2 Be7 8. f4 Qc7 9. 0-0 Nc6 10. g4 Nd7 11. Qd2 b5 12. Bf3 Nxd4 13. Bxd4 0-0 14. Kh1 b4 15. Ne2 e5 16. Be3 exf4 17. Nxf4 Ne5 18. Nd5 Qb7 19. h3 Be6 20. b3 Bxd5 21. exd5 f5 22. gxf5 Rxf5 23. Be4 Rxf1+ 24. Rxf1 Bf6 25. Qg2 Kh8 26. Qe2 Rf8 27. Qh5 g6 28. Qh6 Qg7 29. Bd2 a5 30. Qxg7+ Kxg7 31. c3 Rb8 32. cxb4 axb4 33. Rc1 Rb7 34. Rc8 h6 35. Ra8 Nf7 36. Ra4 Bc3 37. Bxc3+ bxc3 38. Rc4 Re7 39. a4 Kf6 40. a5 Ng5 41. Bg2 Re1+ 42. Kh2 Ra1 43. b4 Ra3 44. Rc6 Ke5 45. a6 Ne4 46. Bxe4 Kxe4 47. Rxd6 c2 48. Rc6 Rxa6 49. Rxc2 Kxd5 50. Rc5+ Ke4 51. b5 Rb6 52. Kg3 g5 53. Kg4 Rf6 54. Rc6 Rf4+ 55. Kg3 Rh4 56. b6 Kd5 57. Rg6 Rb4 58. Rxh6 Ke5 59. Rc6 Rb5 60. Kg4 Rb1 61. Kxg5 Rg1+ 62. Kh5 Rh1 63. h4 Rb1 64. Rg6 Kd5 65. Kh6 Re1 66. h5 Re8 67. Kh7 Re7+ 68. Rg7 Re5 69. h6 Kc6 70. b7 Re8 71. Kg6 Re6+ 72. Kg5 Re5+ 73. Kf6 Rb5 74. h7 1-0

[Event "GER-ch internet U18 qual 02"]
[Site "Playchess.com INT"]
[Date "2007.05.23"]
[Round "1"]
[White "Seemann, Semjon"]
[Black "Hirneise, Jens"]
[Result "1/2-1/2"]
[WhiteElo "1991"]
[BlackElo "2076"]
[PlyCount "143"]
[EventDate "2007.05.23"]
[EventType "swiss (blitz)"]
[EventRounds "7"]
[EventCountry "GER"]
[SourceTitle "EXT 2009"]
[Source "ChessBase"]
[SourceDate "2008.11.26"]
[SourceVersion "1"]
[SourceVersionDate "2008.11.26"]
[SourceQuality "1"]

1. e4 c5 2. Nc3 Nc6 3. Nf3 d6 4. Bb5 Bd7 5. 0-0 g6 6. Re1 Bg7 7. d3 Nf6 8. Bxc6 Bxc6 9. e5 dxe5 10. Nxe5 Qc7 11. Qe2 0-0 12. Bf4 Nh5 13. Nxc6 Qxc6 14. Bg5 e6 15. Rab1 e5 16. Qg4 Kh8 17. Qh4 f6 18. Bd2 f5 19. Re2 f4 20. f3 Rad8 21. Rbe1 c4 22. dxc4 Qxc4 23. Kh1 b5 24. b3 Qc6 25. Ne4 Rfe8 26. Ba5 Rd7 27. Bb4 Nf6 28. Ng5 Nh5 29. Qh3 Bf6 30. g4 Bxg5 31. gxh5 gxh5 32. Qxh5 Rg8 33. Rg1 Rdg7 34. Reg2 Qf6 35. Bc3 h6 36. Bxe5 Qxe5 37. h4 Qe8 38. Qxe8 Rxe8 39. hxg5 hxg5 40. Rxg5 Rxg5 41. Rxg5 Re2 42. Rg2 Re3 43. Rf2 Kg7 44. Kg2 Kf6 45. Kh3 Ke5 46. Kg4 Re1 47. Rd2 Rg1+ 48. Kh3 Rg3+ 49. Kh2 Rxf3 50. Rd7 Rf2+ 51. Kh3 Rxc2 52. Rxa7 Ke4 53. Re7+ Kf3 54. Rd7 Rxa2 55. Rd3+ Ke2 56. Rc3 f3 57. Rc8 Ra1 58. Re8+ Kf2 59. b4 Rh1+ 60. Kg4 Rb1 61. Rf8 Rxb4+ 62. Kh3 Ke2 63. Kg3 Rb3 64. Kh2 f2 65. Kg2 Rg3+ 66. Kxg3 f1Q 67. Rxf1 Kxf1 68. Kf3 Ke1 69. Ke3 Kd1 70. Kd3 b4 71. Kc4 Kc2 72. Kxb4 1/2-1/2

[Event "GER-ch internet U18 qual 02"]
[Site "Playchess.com INT"]
[Date "2007.05.23"]
[Round "6"]
[White "Seemann, Semjon"]
[Black "Spiess, Gregor"]
[Result "1-0"]
[WhiteElo "1991"]
[BlackElo "2069"]
[PlyCount "139"]
[EventDate "2007.05.23"]
[EventType "swiss (blitz)"]
[EventRounds "7"]
[EventCountry "GER"]
[SourceTitle "EXT 2009"]
[Source "ChessBase"]
[SourceDate "2008.11.26"]
[SourceVersion "1"]
[SourceVersionDate "2008.11.26"]
[SourceQuality "1"]

1. e4 e6 2. d4 d5 3. Nc3 Nf6 4. e5 Nfd7 5. Nce2 c5 6. c3 Nc6 7. f4 Qb6 8. Nf3 cxd4 9. cxd4 Bb4+ 10. Nc3 0-0 11. Bd3 f5 12. Be3 Qa5 13. 0-0 Nb6 14. Ne2 Be7 15. b3 Nb4 16. Bd2 Qa3 17. Bc1 Qa5 18. Bb1 Bd7 19. a3 Na6 20. Bd2 Qb5 21. a4 Qc6 22. a5 Nc8 23. Ng3 Nb4 24. Qe2 Qa6 25. Qxa6 bxa6 26. Rc1 Bb5 27. Rc7 Nc6 28. Bd3 Bxd3 29. Rxc6 Bb5 30. Rxe6 Bd7 31. Rxa6 Bb5 32. Re6 Bd7 33. Rxe7 Nxe7 34. Bb4 Rfe8 35. Bxe7 Rxe7 36. Rc1 Rc8 37. Rc5 Be6 38. Ng5 Rxc5 39. dxc5 g6 40. Kf2 h6 41. Nxe6 Rxe6 42. Ke3 Kf7 43. b4 Re8 44. b5 Ke6 45. Ne2 d4+ 46. Kxd4 Rd8+ 47. Kc4 Rd2 48. Nd4+ Kd7 49. b6 axb6 50. axb6 Rxg2 51. c6+ Kc8 52. e6 Rg1 53. Kd5 Re1 54. Kd6 Rd1 55. Ke5 Re1+ 56. Kf6 Rd1 57. e7 Re1 58. Kf7 Rxe7+ 59. Kxe7 g5 60. b7+ Kc7 61. Nb5+ Kxc6 62. b8Q Kd5 63. Qe5+ Kc4 64. Qxf5 gxf4 65. Qxf4+ Kxb5 66. Qxh6 Kc5 67. Qd6+ Kc4 68. Ke6 Kc3 69. Qd5 Kb4 70. Ke5 1-0

[Event "GER-ch internet U18 qual 01"]
[Site "Playchess.com INT"]
[Date "2007.05.20"]
[Round "5"]
[White "Abel, Dennes"]
[Black "Seemann, Semjon"]
[Result "1/2-1/2"]
[WhiteElo "2294"]
[BlackElo "1991"]
[PlyCount "60"]
[EventDate "2007.05.20"]
[EventType "swiss (blitz)"]
[EventRounds "7"]
[EventCountry "GER"]
[SourceTitle "EXT 2009"]
[Source "ChessBase"]
[SourceDate "2008.11.26"]
[SourceVersion "1"]
[SourceVersionDate "2008.11.26"]
[SourceQuality "1"]

1. d4 Nf6 2. c4 c5 3. d5 b5 4. cxb5 a6 5. b6 e6 6. Nc3 Nxd5 7. Nxd5 exd5 8. Qxd5 Nc6 9. e4 Be7 10. Bc4 0-0 11. Nf3 Rb8 12. 0-0 Rxb6 13. b3 Na5 14. Bd2 Bb7 15. Qd3 Nxc4 16. bxc4 Re6 17. Rfe1 Qa8 18. Bc3 Bxe4 19. Qxd7 Rd8 20. Qc7 Bd6 21. Qa5 Bxf3 22. Rxe6 fxe6 23. gxf3 Rf8 24. Qb6 Qxf3 25. Qxd6 Qxf2+ 26. Kh1 Qf3+ 27. Kg1 Qxc3 28. Qxe6+ Kh8 29. Re1 Qd4+ 30. Kh1 Qf4 1/2-1/2

[Event "GER-ch internet U18 qual 01"]
[Site "Playchess.com INT"]
[Date "2007.05.20"]
[Round "4"]
[White "Siebarth, Raiko"]
[Black "Seemann, Semjon"]
[Result "1/2-1/2"]
[WhiteElo "2179"]
[BlackElo "1991"]
[PlyCount "113"]
[EventDate "2007.05.20"]
[EventType "swiss (blitz)"]
[EventRounds "7"]
[EventCountry "GER"]
[SourceTitle "EXT 2009"]
[Source "ChessBase"]
[SourceDate "2008.11.26"]
[SourceVersion "1"]
[SourceVersionDate "2008.11.26"]
[SourceQuality "1"]

1. d4 Nf6 2. c4 c5 3. d5 b5 4. cxb5 a6 5. f3 axb5 6. e4 e6 7. Bxb5 Qa5+ 8. Nc3 Bb7 9. dxe6 fxe6 10. Nge2 Be7 11. 0-0 0-0 12. Bg5 h6 13. Bxf6 Bxf6 14. Bxd7 Qb6 15. Bb5 Rd8 16. Qe1 c4+ 17. Kh1 Rc8 18. Qg3 Nc6 19. Bxc4 Nb4 20. Bb3 Nd3 21. Rab1 Ba6 22. Rfd1 Nf2+ 23. Qxf2 Qxf2 24. Bxe6+ Kh8 25. Bxc8 Bxe2 26. Nxe2 Rxc8 27. Nf4 Rc2 28. Rg1 Qd2 29. Ng6+ Kh7 30. e5 Kxg6 31. exf6 gxf6 32. b4 Rxa2 33. b5 Rb2 34. Rbd1 Qf2 35. Rd5 h5 36. h3 h4 37. b6 Rxb6 38. Rd8 Rb2 39. Rg8+ Kf5 40. Rg4 Re2 41. Ra4 Kg5 42. Raa1 f5 43. Raf1 Qg3 44. Ra1 Qe5 45. Raf1 Kf4 46. Ra1 Kg3 47. Raf1 Rf2 48. Re1 Re2 49. Ref1 Qb2 50. Rb1 Qd2 51. Rbd1 Qe3 52. Rdf1 Qd2 53. Rd1 Qa2 54. Ra1 Qb2 55. Rab1 Qc2 56. Rbc1 Qd2 57. Rcd1 1/2-1/2

[Event "Niedersachsen-ch U16"]
[Site "Rotenburg/Wuemme"]
[Date "2007.04.02"]
[Round "4"]
[White "Lick, Patrick"]
[Black "Seemann, Semjon"]
[Result "1/2-1/2"]
[WhiteElo "1751"]
[BlackElo "1991"]
[PlyCount "56"]
[EventDate "2007.03.31"]
[EventType "swiss"]
[EventRounds "9"]
[EventCountry "GER"]
[SourceTitle "EXT 2008"]
[Source "ChessBase"]
[SourceDate "2007.11.25"]
[SourceVersion "1"]
[SourceVersionDate "2007.11.25"]
[SourceQuality "1"]

1. e4 c5 2. d4 cxd4 3. c3 d5 4. exd5 Qxd5 5. cxd4 Nc6 6. Nf3 e5 7. Nc3 Bb4 8. Bd2 Bxc3 9. Bxc3 e4 10. Ne5 Nxe5 11. dxe5 Ne7 12. Qxd5 Nxd5 13. Bb5+ Bd7 14. 0-0-0 Bxb5 15. Rxd5 Bc4 16. Rd4 Bxa2 17. Rhd1 0-0 18. Rxe4 b5 19. b4 Be6 20. Kb2 Rfc8 21. Red4 Rab8 22. h3 h5 23. h4 Kh7 24. g3 Rb7 25. Rd8 Rc4 26. R8d4 Rcc7 27. Rd6 Bf5 28. R1d4 Be6 1/2-1/2